[Event "Paul Maisonneuve mem."]
[Site "Gatineau CAN"]
[Date "2019.10.29"]
[Round "5"]
[White "Arcand, Pierre"]
[Black "Zhao, Richie"]
[Result "1/2-1/2"]
[WhiteElo "1194"]
[BlackElo "1300"]
[PlyCount "79"]
[EventDate "2019.10.22"]
[EventType "swiss"]
[EventRounds "5"]
[EventCountry "CAN"]

1. e4 e5 2. Nf3 Nc6 3. Bb5 Nf6 4. Nc3 Bc5 5. O-O O-O 6. Bxc6 dxc6 7. d3 Bg4 8.
h3 Bh5 9. Bg5 h6 10. Bh4 g5 11. Bg3 g4 12. hxg4 Bxg4 13. Bxe5 Bd6 14. Bxd6 Qxd6
15. e5 Bxf3 16. Qxf3 Qxe5 17. Rae1 Qd6 18. Ne4 Nxe4 19. Rxe4 Rae8 20. Rfe1 Re6
21. Rxe6 fxe6 22. Qg4+ Kf7 23. Qh5+ Kg7 24. Re4 Kh7 25. Qh4 Rg8 26. Rd4 Qe5 27.
Rd7+ Rg7 28. Rxg7+ Qxg7 29. Qe4+ Qg6 30. Qxg6+ Kxg6 31. f3 Kg5 32. g3 h5 33.
Kg2 e5 34. Kf2 c5 35. b3 b6 36. c4 c6 37. Ke3 b5 38. Ke2 Kf5 39. Kf2 bxc4 40.
bxc4 1/2-1/2

[Event "Paul Maisonneuve mem."]
[Site "Gatineau CAN"]
[Date "2019.10.29"]
[Round "5"]
[White "Azar, Sebastien"]
[Black "Rioux, Jocelyn"]
[Result "1-0"]
[WhiteElo "1873"]
[BlackElo "1681"]
[PlyCount "77"]
[EventDate "2019.10.22"]
[EventType "swiss"]
[EventRounds "5"]
[EventCountry "CAN"]

1. e4 e6 2. d4 d5 3. Nd2 c5 4. c3 Nc6 5. Ngf3 Nf6 6. Bd3 Be7 7. O-O h6 8. dxc5
Bxc5 9. b4 Be7 10. Re1 O-O 11. a3 b6 12. Bb5 Bb7 13. Qa4 Qc7 14. Ba6 Rfc8 15.
Bxb7 Qxb7 16. e5 Nd7 17. Nf1 Qc7 18. Bf4 g5 19. Bg3 g4 20. b5 gxf3 21. bxc6
Qxc6 22. Qg4+ Kh7 23. Qh5 Kg7 24. Bf4 Rh8 25. Re3 Rag8 26. Rxf3 Kf8 27. Bxh6+
Ke8 28. Qxf7+ Kd8 29. Bg7 Nxe5 30. Bxe5 Rf8 31. Qg7 Rhg8 32. Rxf8+ Rxf8 33. Re1
Bc5 34. Bd4 Be7 35. Qe5 Kd7 36. Nd2 Bf6 37. Qe3 Be7 38. Nf3 Bd8 39. Ne5+ 1-0

[Event "Paul Maisonneuve mem."]
[Site "Gatineau CAN"]
[Date "2019.10.29"]
[Round "5"]
[White "Desjardins, Michel"]
[Black "Bastien, Andre"]
[Result "1/2-1/2"]
[WhiteElo "1913"]
[BlackElo "1751"]
[PlyCount "39"]
[EventDate "2019.10.22"]
[EventType "swiss"]
[EventRounds "5"]
[EventCountry "CAN"]

1. e4 c5 2. c3 Nf6 3. e5 Nd5 4. d4 cxd4 5. cxd4 d6 6. Nf3 Nc6 7. Bc4 Nb6 8. Bb5
dxe5 9. Nxe5 Bd7 10. Nxd7 Qxd7 11. O-O g6 12. Nc3 Rd8 13. Qf3 Bg7 14. Be3 O-O
15. Rfd1 Nd5 16. Rac1 Nxc3 17. Bxc6 Ne2+ 18. Qxe2 bxc6 19. Qc2 Qd5 20. b3
1/2-1/2

[Event "Paul Maisonneuve mem."]
[Site "Gatineau CAN"]
[Date "2019.10.29"]
[Round "5"]
[White "Latreille, Etienne"]
[Black "Lecorre, Joel"]
[Result "1-0"]
[WhiteElo "1755"]
[BlackElo "1496"]
[PlyCount "69"]
[EventDate "2019.10.22"]
[EventType "swiss"]
[EventRounds "5"]
[EventCountry "CAN"]

1. d4 c5 2. d5 d6 3. Nc3 e5 4. e4 Be7 5. Be2 Nf6 6. Nf3 Nbd7 7. a4 b6 8. O-O
Nf8 9. Nd2 a6 10. Nc4 Ng6 11. f4 exf4 12. Bxf4 Nxf4 13. Rxf4 O-O 14. Qe1 Nd7
15. Bg4 Ne5 16. Bxc8 Nxc4 17. Bg4 Bf6 18. Be2 Bd4+ 19. Kh1 Ne3 20. Rc1 Qg5 21.
Qg3 Qxg3 22. hxg3 Bxc3 23. bxc3 b5 24. axb5 axb5 25. Bxb5 h5 26. Be2 g6 27. g4
hxg4 28. Bxg4 Ra2 29. Bd7 Rd8 30. Bb5 Kg7 31. Re1 g5 32. Rf3 Nxc2 33. Ref1 Rf8
34. R3f2 Ra1 35. Rxc2 1-0

[Event "Paul Maisonneuve mem."]
[Site "Gatineau CAN"]
[Date "2019.10.29"]
[Round "5"]
[White "Seguin, Hubert"]
[Black "Berthiaume, Serge"]
[Result "1-0"]
[WhiteElo "1518"]
[BlackElo "1422"]
[PlyCount "71"]
[EventDate "2019.10.22"]
[EventType "swiss"]
[EventRounds "5"]
[EventCountry "CAN"]

1. e4 Nc6 2. d4 d5 3. e5 Bf5 4. f4 e6 5. Nf3 Be7 6. Bd3 Bg4 7. Be2 Bh5 8. O-O
a6 9. c3 Qd7 10. Ne1 Bxe2 11. Qxe2 O-O-O 12. Nd3 h6 13. Nd2 f5 14. exf6 Nxf6
15. Ne5 Qe8 16. Ng4 Rd6 17. Nxf6 Bxf6 18. Nf3 Kb8 19. Ne5 Bxe5 20. fxe5 Rd7 21.
Qg4 Rf7 22. Bd2 Qe7 23. Rxf7 Qxf7 24. Rf1 Qd7 25. Qg6 Re8 26. Rf7 Re7 27. Rf8+
Ka7 28. Be1 Nd8 29. Bh4 Nc6 30. Bxe7 Nxe7 31. Qxg7 h5 32. Rf7 Qa4 33. Rxe7 Qd1+
34. Kf2 Qd2+ 35. Kg3 Qxb2 36. Rxc7 1-0

[Event "Paul Maisonneuve mem."]
[Site "Gatineau CAN"]
[Date "2019.10.29"]
[Round "5"]
[White "Villeneuve, Denis"]
[Black "Jobin, Gilles G"]
[Result "0-1"]
[WhiteElo "1427"]
[BlackElo "1730"]
[PlyCount "84"]
[EventDate "2019.10.22"]
[EventType "swiss"]
[EventRounds "5"]
[EventCountry "CAN"]

1. e4 d6 2. d4 Nf6 3. Nc3 Nbd7 4. f4 e5 5. Nf3 exd4 6. Nxd4 Be7 7. Bd3 Nc5 8.
h3 Nxd3+ 9. Qxd3 c6 10. Be3 Qc7 11. O-O-O h5 12. Nf3 Nd7 13. Rhe1 Nc5 14. Qd4
Ne6 15. Qd3 O-O 16. g4 hxg4 17. hxg4 Nc5 18. Bxc5 dxc5 19. e5 Bxg4 20. Rh1 f5
21. Qc4+ Rf7 22. Rh8+ Kxh8 23. Rh1+ Kg8 24. e6 Rf6 25. Ne5 Rh6 26. Rg1 b5 27.
Qd3 Rxe6 28. Qg3 Rxe5 29. fxe5 Bg5+ 30. Kb1 Rd8 31. a3 Re8 32. Ne4 fxe4 33.
Qxg4 Qxe5 34. Qxg5 Qxg5 35. Rxg5 e3 36. Rg1 e2 37. Re1 Kf7 38. Kc1 Kf6 39. Kd2
Kf5 40. Rxe2 Rxe2+ 41. Kxe2 Ke4 42. c3 c4 0-1

[Event "Pentes enneigees"]
[Site "Gatineau CAN"]
[Date "2019.01.22"]
[Round "1"]
[White "Akrib, Fouad"]
[Black "Raymond, Daniel"]
[Result "0-1"]
[WhiteElo "1958"]
[BlackElo "1772"]
[PlyCount "58"]
[EventDate "2019.01.22"]
[EventType "swiss"]
[EventRounds "5"]
[EventCountry "CAN"]

1. e4 c5 2. Nf3 d6 3. g3 Nc6 4. Bg2 Nf6 5. d3 g6 6. O-O Bg7 7. c3 O-O 8. Re1
Bg4 9. h3 Bd7 10. a3 Qc8 11. Kh2 Rb8 12. b4 b6 13. Bb2 Ne5 14. Nxe5 dxe5 15. d4
cxd4 16. cxd4 exd4 17. Bxd4 Rd8 18. Qb3 Ng4+ 19. hxg4 Bxd4 20. Ra2 Be6 21. Qc2
Bxa2 22. Qxa2 Qxg4 23. a4 Qh5+ 24. Kg1 Qg5 25. Kh2 Rbc8 26. f4 Qh5+ 27. Bh3 Rc7
28. Na3 Bc3 29. Re2 Qxe2+ 0-1

[Event "Pentes enneigees"]
[Site "Gatineau CAN"]
[Date "2019.01.22"]
[Round "1"]
[White "Guimond, Michel"]
[Black "Danilov, Alex"]
[Result "1-0"]
[WhiteElo "1927"]
[BlackElo "1634"]
[PlyCount "89"]
[EventDate "2019.01.22"]
[EventType "swiss"]
[EventRounds "5"]
[EventCountry "CAN"]

1. e4 c5 2. Nf3 Nc6 3. d4 cxd4 4. Nxd4 e6 5. Nc3 Qc7 6. Ndb5 Qb8 7. a3 a6 8.
Nd4 Bc5 9. Nb3 Bd6 10. Qg4 Be5 11. f4 Nh6 12. Qf3 Bxc3+ 13. Qxc3 O-O 14. Be2 f5
15. e5 d6 16. exd6 Qxd6 17. Be3 Rd8 18. Bb6 Re8 19. O-O Ne7 20. Bd4 Nd5 21. Qg3
Ng4 22. h3 Ngf6 23. c4 Nxf4 24. Qxf4 e5 25. Qh2 f4 26. Bc5 Qc6 27. Bf3 e4 28.
Bg4 Nxg4 29. hxg4 g5 30. Qh5 Qg6 31. Qxg6+ hxg6 32. g3 Be6 33. Rac1 b5 34. Na5
f3 35. Be3 Bxg4 36. Nb7 Re6 37. c5 Rc8 38. b4 Re5 39. Kf2 Rd5 40. Nd6 Rc6 41.
Nxe4 Rd3 42. Bxg5 Rxa3 43. Nf6+ Rxf6 44. Bxf6 Ra2+ 45. Ke3 1-0

[Event "Pentes enneigees"]
[Site "Gatineau CAN"]
[Date "2019.01.22"]
[Round "1"]
[White "Rioux, Jocelyn"]
[Black "Desjardins, Michel"]
[Result "1/2-1/2"]
[WhiteElo "1697"]
[BlackElo "1951"]
[PlyCount "64"]
[EventDate "2019.01.22"]
[EventType "swiss"]
[EventRounds "5"]
[EventCountry "CAN"]

1. e4 d5 2. exd5 Qxd5 3. Nc3 Qd6 4. d4 Nf6 5. Nf3 g6 6. Nb5 Qb6 7. c4 c6 8. Nc3
Bg7 9. Be2 O-O 10. O-O Rd8 11. b3 Bg4 12. Na4 Qc7 13. Bb2 Nbd7 14. Qc2 Nb6 15.
Nxb6 Qxb6 16. Ne5 Bf5 17. Bd3 Bxd3 18. Qxd3 Nh5 19. Qe3 e6 20. Rad1 Qa5 21. Bc3
Qc7 22. Rfe1 Rac8 23. a4 Nf6 24. Re2 a6 25. Red2 Qb6 26. Bb2 Nd7 27. c5 Qc7 28.
Nc4 Nf6 29. Nd6 Rb8 30. h4 h5 31. g3 Ng4 32. Qf3 Nh6 1/2-1/2

[Event "Pentes enneigees"]
[Site "Gatineau CAN"]
[Date "2019.01.29"]
[Round "2"]
[White "Danilov, Alex"]
[Black "Akrib, Fouad"]
[Result "0-1"]
[WhiteElo "1634"]
[BlackElo "1958"]
[PlyCount "88"]
[EventDate "2019.01.22"]
[EventType "swiss"]
[EventRounds "5"]
[EventCountry "CAN"]

1. Nf3 b5 2. b4 e6 3. e4 Bb7 4. Bxb5 Bxe4 5. O-O Bxb4 6. c3 Qf6 7. Qb3 Bd6 8.
Be2 Nc6 9. d4 Rb8 10. Qd1 h6 11. Nbd2 Bh7 12. Nc4 Bf4 13. Ba3 Nge7 14. g3 Bg5
15. Nce5 h5 16. Nxd7 Kxd7 17. Ne5+ Ke8 18. Qa4 Rb6 19. Bf3 Bc2 20. Bxc6+ Nxc6
21. Qxc2 Nxe5 22. dxe5 Qxe5 23. Qa4+ Qb5 24. Qxa7 Ra6 25. Qxc7 Rxa3 26. Qc8+
Bd8 27. Rad1 Ke7 28. c4 Qa4 29. Qb7+ Kf6 30. Rd7 Rf8 31. Rfd1 Qa8 32. Qb4 Re8
33. Rxd8 Rxg3+ 34. hxg3 Rxd8 35. Qb2+ Kg6 36. Qc2+ Kf6 37. Rb1 Qf3 38. Qb3 Rd3
39. Qb2+ Kg6 40. Qc2 Kg5 41. c5 h4 42. Qc1+ Kh5 43. c6 hxg3 44. Rb5+ f5 0-1

[Event "Pentes enneigees"]
[Site "Gatineau CAN"]
[Date "2019.01.29"]
[Round "2"]
[White "Desjardins, Michel"]
[Black "Latreille, Etienne"]
[Result "1/2-1/2"]
[WhiteElo "1951"]
[BlackElo "1631"]
[PlyCount "78"]
[EventDate "2019.01.22"]
[EventType "swiss"]
[EventRounds "5"]
[EventCountry "CAN"]

1. e4 c5 2. c3 d6 3. d4 Nc6 4. dxc5 dxc5 5. Qxd8+ Kxd8 6. Bc4 e6 7. Bf4 e5 8.
Bg3 f5 9. exf5 Bxf5 10. Nf3 Bd6 11. O-O Kc7 12. Ng5 Nh6 13. Nd2 a6 14. Nde4
Rad8 15. Ne6+ Bxe6 16. Bxe6 Rhe8 17. Bb3 Nf5 18. Nxd6 Rxd6 19. Rad1 Nxg3 20.
hxg3 Red8 21. Rxd6 Rxd6 22. Rd1 Rxd1+ 23. Bxd1 Kd6 24. Kf1 Kd5 25. Ke2 b5 26.
Ke3 Ne7 27. Bf3+ Kd6 28. Be4 g6 29. g4 Ng8 30. Bf3 a5 31. a3 b4 32. Kd3 bxa3
33. bxa3 Nf6 34. g5 Ne8 35. Bd1 Nc7 36. Bb3 Nd5 37. g3 e4+ 38. Kd2 Ke5 39. Bc4
Kd6 1/2-1/2

[Event "Pentes enneigees"]
[Site "Gatineau CAN"]
[Date "2019.01.29"]
[Round "2"]
[White "Raymond, Daniel"]
[Black "Guimond, Michel"]
[Result "1/2-1/2"]
[WhiteElo "1772"]
[BlackElo "1927"]
[PlyCount "53"]
[EventDate "2019.01.22"]
[EventType "swiss"]
[EventRounds "5"]
[EventCountry "CAN"]

1. e4 e6 2. d4 d5 3. exd5 exd5 4. c4 Nf6 5. Nc3 Bb4 6. Bd3 O-O 7. Nge2 Bg4 8.
Bg5 c6 9. O-O Bxc3 10. bxc3 Nbd7 11. cxd5 cxd5 12. Qc2 Bxe2 13. Bxe2 Qa5 14.
Bf3 Rac8 15. Bd2 Qc7 16. Qf5 Qc4 17. Bd1 Rfe8 18. Bb3 Qc6 19. f3 Re2 20. Qd3
Rce8 21. Rae1 Qe6 22. Rxe2 Qxe2 23. Qxe2 Rxe2 24. Rd1 b5 25. Kf1 Re6 26. Re1
Nb6 27. Bg5 1/2-1/2

[Event "Pentes enneigees"]
[Site "Gatineau CAN"]
[Date "2019.02.05"]
[Round "3"]
[White "Akrib, Fouad"]
[Black "Rioux, Jocelyn"]
[Result "1-0"]
[WhiteElo "1958"]
[BlackElo "1697"]
[PlyCount "77"]
[EventDate "2019.01.22"]
[EventType "swiss"]
[EventRounds "5"]
[EventCountry "CAN"]

1. e4 e6 2. Qe2 c5 3. Nf3 Nc6 4. c3 Nf6 5. g3 d5 6. d3 dxe4 7. dxe4 e5 8. Bg2
Be7 9. O-O O-O 10. Nbd2 Bg4 11. h3 Be6 12. Nc4 Nd7 13. Rd1 Qc8 14. Kh2 h6 15.
Be3 Rd8 16. b3 b6 17. Nd6 Qc7 18. Nb5 Qb7 19. Rd2 Nf6 20. Nh4 Rxd2 21. Bxd2 Qa6
22. Bf1 Rd8 23. Be3 Bxb3 24. Qf3 Be6 25. Nd6 c4 26. Ndf5 Qb7 27. g4 Kf8 28. g5
hxg5 29. Bxg5 g6 30. Nxe7 Nxe7 31. Qxf6 Rd7 32. Bh6+ Ke8 33. Qh8+ Ng8 34. Qxg8+
Ke7 35. Bf8+ Kf6 36. Qh8+ Kg5 37. Qh6+ Kf6 38. Qh8+ Kg5 39. Bh6+ 1-0

[Event "Pentes enneigees"]
[Site "Gatineau CAN"]
[Date "2019.02.05"]
[Round "3"]
[White "Guimond, Michel"]
[Black "Desjardins, Michel"]
[Result "1/2-1/2"]
[WhiteElo "1927"]
[BlackElo "1951"]
[PlyCount "48"]
[EventDate "2019.01.22"]
[EventType "swiss"]
[EventRounds "5"]
[EventCountry "CAN"]

1. e4 d5 2. exd5 Qxd5 3. Nc3 Qd6 4. d4 Nf6 5. Bc4 g6 6. Nge2 a6 7. Bf4 Qd8 8.
f3 Bg7 9. Qd2 b5 10. Bb3 Bd7 11. Ne4 O-O 12. Bh6 Nxe4 13. fxe4 Bg4 14. Bxg7
Kxg7 15. Nf4 a5 16. h3 Bc8 17. O-O e5 18. Bd5 c6 19. dxe5 cxd5 20. exd5 Qc7 21.
Nh5+ Kh8 22. Nf6 Kg7 23. Nh5+ Kh8 24. Nf6 Kg7 1/2-1/2

[Event "Pentes enneigees"]
[Site "Gatineau CAN"]
[Date "2019.02.05"]
[Round "3"]
[White "Jobin, Gilles G"]
[Black "Raymond, Daniel"]
[Result "1/2-1/2"]
[WhiteElo "1755"]
[BlackElo "1772"]
[PlyCount "166"]
[EventDate "2019.01.22"]
[EventType "swiss"]
[EventRounds "5"]
[EventCountry "CAN"]

1. d4 d5 2. e4 dxe4 3. Nc3 Nf6 4. f3 exf3 5. Qxf3 e6 6. Bf4 Bd6 7. O-O-O O-O 8.
g4 Bxf4+ 9. Qxf4 Nd5 10. Nxd5 Qxd5 11. c4 Qd6 12. Qe3 Nc6 13. Nf3 Bd7 14. Bd3
Nb4 15. Ng5 Nxd3+ 16. Rxd3 f6 17. Ne4 Qa6 18. Kb1 Rfe8 19. Rc1 Rad8 20. Ra3 Qc6
21. Ra5 b6 22. Rh5 Rf8 23. d5 exd5 24. cxd5 Qb7 25. Qh3 h6 26. Rxh6 Qxd5 27.
Nc3 Qg5 28. Rh8+ Kf7 29. Rxf8+ Rxf8 30. Ne4 Qe5 31. Qf3 c5 32. Rd1 Be6 33. Nd6+
Kg8 34. Nf5 Bxf5+ 35. gxf5 Re8 36. Qh5 Qe4+ 37. Kc1 Qc4+ 38. Kb1 Qf7 39. Qf3
Qe7 40. Qb3+ Kf8 41. Qc2 Qe4 42. Rd2 Qxc2+ 43. Kxc2 Re5 44. Rf2 Kg8 45. Kd3 Kf7
46. Rf4 b5 47. Rf2 Ke7 48. Rg2 Kf7 49. Rf2 Ke8 50. b3 Kd7 51. a4 a6 52. Rf4 Kc6
53. Rf2 Rd5+ 54. Kc3 Kd6 55. Rg2 Rxf5 56. Rxg7 Rf3+ 57. Kd2 Rf2+ 58. Kd3 Rxh2
59. Ra7 Rh3+ 60. Kc2 bxa4 61. Rxa6+ Ke5 62. Rxa4 f5 63. Rc4 Kd5 64. Rf4 Ke6 65.
Rc4 Kd5 66. Rf4 Rh5 67. Kc3 Rg5 68. Kc2 Rg2+ 69. Kc3 Rg3+ 70. Kc2 Ke6 71. Rc4
Kd6 72. Rf4 Rg5 73. Kc3 Kd5 74. Kc2 Ke5 75. Rc4 Kd5 76. Rf4 Kd6 77. Kc3 Ke6 78.
Rc4 Rg3+ 79. Kc2 Re3 80. Rxc5 f4 81. Rc3 Rxc3+ 82. Kxc3 Kf5 83. Kd2 Ke4 1/2-1/2

[Event "Pentes enneigees"]
[Site "Gatineau CAN"]
[Date "2019.02.19"]
[Round "4"]
[White "Bastien, Andre"]
[Black "Lavergne, Daniel"]
[Result "1-0"]
[WhiteElo "1783"]
[BlackElo "1618"]
[PlyCount "89"]
[EventDate "2019.01.22"]
[EventType "swiss"]
[EventRounds "5"]
[EventCountry "CAN"]

1. d4 Nf6 2. Nf3 g6 3. c4 Bg7 4. Nc3 O-O 5. Bg5 d6 6. h3 c6 7. e3 Qc7 8. Be2
Nbd7 9. O-O Re8 10. Rc1 e5 11. b4 Nf8 12. c5 e4 13. Nd2 d5 14. Bf4 Qd7 15. b5
Ne6 16. Bd6 Nc7 17. Qa4 g5 18. Qa5 b6 19. Qa4 bxc5 20. Bxc7 cxd4 21. bxc6 Qxc7
22. Nb5 Qe7 23. Nxd4 g4 24. h4 Nh5 25. g3 Rb8 26. Rb1 Rxb1 27. Rxb1 Qe5 28. Kg2
f5 29. Nb5 Bh6 30. Qd4 Qxd4 31. Nxd4 Bg7 32. Rb4 Kf7 33. Ra4 Bxd4 34. Rxd4 Ke6
35. Ra4 Re7 36. Nb3 Kd6 37. Nd4 Ng7 38. Bd1 Ne8 39. Bb3 a6 40. Rb4 Nc7 41. Rb8
Be6 42. Rd8+ Ke5 43. Kf1 Nb5 44. Nxe6 Rxe6 45. Rxd5+ 1-0

[Event "Pentes enneigees"]
[Site "Gatineau CAN"]
[Date "2019.02.19"]
[Round "4"]
[White "Desjardins, Michel"]
[Black "Jobin, Gilles G"]
[Result "1/2-1/2"]
[WhiteElo "1951"]
[BlackElo "1755"]
[PlyCount "49"]
[EventDate "2019.01.22"]
[EventType "swiss"]
[EventRounds "5"]
[EventCountry "CAN"]

1. e4 d6 2. d4 Nf6 3. Nc3 e5 4. Nf3 exd4 5. Nxd4 Nc6 6. Nxc6 bxc6 7. Bd3 Be7 8.
O-O O-O 9. h3 h6 10. Bf4 Be6 11. Qf3 Nh7 12. Rad1 Bg5 13. e5 Bxf4 14. Qxf4 d5
15. Qg3 Qe7 16. f4 f5 17. exf6 Rxf6 18. Qe3 Qb4 19. Qc1 Raf8 20. Ne2 Qb6+ 21.
Kh1 c5 22. b3 Qa5 23. a4 c4 24. Bxh7+ Kxh7 25. Nd4 1/2-1/2

[Event "Pentes enneigees"]
[Site "Gatineau CAN"]
[Date "2019.02.19"]
[Round "4"]
[White "Gagnon, Fabien"]
[Black "MacIssac, Alexandre"]
[Result "1-0"]
[WhiteElo "1895"]
[BlackElo "1637"]
[PlyCount "79"]
[EventDate "2019.01.22"]
[EventType "swiss"]
[EventRounds "5"]
[EventCountry "CAN"]

1. b3 e5 2. Bb2 Nc6 3. e3 d5 4. Bb5 Bd6 5. Nf3 Bg4 6. h3 Bxf3 7. Qxf3 Nf6 8. d3
O-O 9. Nd2 Nb4 10. Qd1 c6 11. c3 cxb5 12. cxb4 Bxb4 13. Bxe5 Qa5 14. a3 Bxd2+
15. Qxd2 Qxd2+ 16. Kxd2 Nd7 17. Bd4 Rfc8 18. Rhc1 Rc6 19. Rc2 Rxc2+ 20. Kxc2
Rc8+ 21. Kd2 Nc5 22. Bxc5 Rxc5 23. Rc1 b6 24. b4 Rxc1 25. Kxc1 f5 26. Kd2 Kf7
27. Kc3 Ke6 28. Kd4 g5 29. g4 fxg4 30. hxg4 Kd6 31. e4 dxe4 32. Kxe4 Ke6 33. d4
h6 34. d5+ Kf6 35. Kd4 a5 36. Ke4 a4 37. Kd4 Kf7 38. Ke5 Ke7 39. d6+ Kd7 40.
Kd5 1-0

[Event "Pentes enneigees"]
[Site "Gatineau CAN"]
[Date "2019.02.19"]
[Round "4"]
[White "Guimond, Michel"]
[Black "Akrib, Fouad"]
[Result "1/2-1/2"]
[WhiteElo "1927"]
[BlackElo "1958"]
[PlyCount "48"]
[EventDate "2019.01.22"]
[EventType "swiss"]
[EventRounds "5"]
[EventCountry "CAN"]

1. e4 c5 2. Nf3 d6 3. d4 cxd4 4. Nxd4 Nf6 5. Nc3 a6 6. Bc4 e6 7. a4 Nbd7 8. O-O
Qc7 9. Qe2 Ne5 10. Bb3 b6 11. f4 Qc5 12. Be3 Neg4 13. Nxe6 Qxe3+ 14. Qxe3 Nxe3
15. Nc7+ Kd8 16. Nxa8 Nxf1 17. Kxf1 Bb7 18. Nxb6 Nxe4 19. Nxe4 Bxe4 20. Bxf7
Bxc2 21. Be6 g6 22. Rc1 Bd3+ 23. Kf2 Bg7 24. Ke3 Bxb2 1/2-1/2

[Event "Pentes enneigees"]
[Site "Gatineau CAN"]
[Date "2019.02.19"]
[Round "4"]
[White "Rioux, Jocelyn"]
[Black "Masse-Garneau, Anthony"]
[Result "1-0"]
[WhiteElo "1697"]
[BlackElo "1608"]
[PlyCount "145"]
[EventDate "2019.01.22"]
[EventType "swiss"]
[EventRounds "5"]
[EventCountry "CAN"]

1. e4 e5 2. Nf3 Nf6 3. Nc3 Nc6 4. d4 exd4 5. Nxd4 Bb4 6. Nxc6 bxc6 7. Qd4 Qe7
8. f3 h6 9. a3 Bc5 10. Qd3 a5 11. Be3 Ba6 12. Qd2 Bxf1 13. Rxf1 Bxe3 14. Qxe3
O-O 15. O-O-O d6 16. Rd4 Nd7 17. Ne2 Qe6 18. Kb1 c5 19. Rdd1 Rab8 20. Nf4 Qe5
21. c3 Nb6 22. Nd3 Qxc3 23. Qc1 Qxc1+ 24. Rxc1 c4 25. Nf4 c6 26. Rf2 Rfd8 27.
Rd2 Rd7 28. Ne2 c5 29. Nc3 Kf8 30. Nd5 Nxd5 31. Rxd5 Rdb7 32. Rd2 Rb3 33. Ka2
Rd3 34. Rdc2 Ke7 35. Rxc4 Rd2 36. R4c2 Rxc2 37. Rxc2 Ke6 38. Rc3 Ke5 39. Rd3 g6
40. Rd5+ Ke6 41. Kb1 f5 42. Kc2 fxe4 43. fxe4 Rf8 44. Rd2 Rf4 45. Kd3 Ke5 46.
Re2 h5 47. g3 c4+ 48. Kxc4 Rxe4+ 49. Rxe4+ Kxe4 50. b4 d5+ 51. Kc3 d4+ 52. Kd2
a4 53. b5 Kd5 54. Kd3 Kc5 55. b6 Kxb6 56. Kxd4 Kb5 57. h4 Ka5 58. Kc5 Ka6 59.
Kb4 Kb6 60. Kxa4 Kc5 61. Kb3 Kb5 62. a4+ Kc5 63. Kc3 Kd5 64. Kb4 Kc6 65. a5 Kc7
66. Kb5 Kb7 67. a6+ Ka7 68. Ka5 Ka8 69. Kb6 Kb8 70. a7+ Ka8 71. Ka6 g5 72. hxg5
h4 73. g6 1-0

[Event "Pentes enneigees"]
[Site "Gatineau CAN"]
[Date "2019.02.26"]
[Round "5"]
[White "Danilov, Alex"]
[Black "Rioux, Jocelyn"]
[Result "1/2-1/2"]
[WhiteElo "1634"]
[BlackElo "1697"]
[PlyCount "61"]
[EventDate "2019.01.22"]
[EventType "swiss"]
[EventRounds "5"]
[EventCountry "CAN"]

1. Nf3 d5 2. d4 Nf6 3. Bf4 Bf5 4. e3 e6 5. Bd3 Bxd3 6. Qxd3 c6 7. Nbd2 Bd6 8.
Ne5 O-O 9. O-O Nh5 10. Qe2 Nxf4 11. exf4 Re8 12. Ndf3 Qc7 13. Qd2 f6 14. Nd3
Nd7 15. b4 e5 16. fxe5 fxe5 17. dxe5 Nxe5 18. Ndxe5 Bxe5 19. Rae1 Bd6 20. a4
Qf7 21. Qd4 b6 22. Qh4 Rxe1 23. Rxe1 Re8 24. Rxe8+ Qxe8 25. c3 c5 26. Qg4 Bf8
27. Qf5 Qf7 28. Qc8 cxb4 29. cxb4 Qg6 30. Ne1 Qe4 31. Nc2 1/2-1/2

[Event "Pentes enneigees"]
[Site "Gatineau CAN"]
[Date "2019.02.26"]
[Round "5"]
[White "Jobin, Gilles G"]
[Black "Guimond, Michel"]
[Result "0-1"]
[WhiteElo "1755"]
[BlackElo "1927"]
[PlyCount "92"]
[EventDate "2019.01.22"]
[EventType "swiss"]
[EventRounds "5"]
[EventCountry "CAN"]

1. d4 c5 2. d5 e5 3. dxe6 fxe6 4. e4 Nc6 5. Nf3 d6 6. Bc4 Be7 7. Nc3 Na5 8. Be2
a6 9. O-O b5 10. Bf4 Nf6 11. e5 Nh5 12. Bd2 O-O 13. exd6 Qxd6 14. Ne4 Qc7 15.
Nfg5 Nf4 16. Bf3 Nc4 17. Bxf4 Qxf4 18. g3 Qe5 19. b3 Nb6 20. Bg2 Ra7 21. f4 Qf5
22. Bh3 Qg6 23. Qe2 h6 24. Nf3 Bb7 25. Nxc5 Bxc5+ 26. Kg2 Qe4 27. Bxe6+ Kh8 28.
Rae1 Qxe2+ 29. Rxe2 Nd5 30. Bxd5 Bxd5 31. Re5 Rd7 32. Kh3 Rd6 33. c4 bxc4 34.
bxc4 Be6+ 35. Kg2 Rc8 36. Rc1 Ba3 37. Rce1 Bxc4 38. R1e3 Bc1 39. Re8+ Rxe8 40.
Rxe8+ Bg8 41. Rc8 Ba3 42. g4 Kh7 43. Kg3 Rd3 44. Kf2 Be6 45. Ne5 Bxc8 46. Nxd3
Bxg4 0-1

[Event "Pentes enneigees"]
[Site "Gatineau CAN"]
[Date "2019.02.26"]
[Round "5"]
[White "Raymond, Daniel"]
[Black "Desjardins, Michel"]
[Result "1-0"]
[WhiteElo "1772"]
[BlackElo "1951"]
[PlyCount "87"]
[EventDate "2019.01.22"]
[EventType "swiss"]
[EventRounds "5"]
[EventCountry "CAN"]

1. e4 d5 2. exd5 Qxd5 3. Nc3 Qd6 4. d4 Nf6 5. Nf3 g6 6. h3 a6 7. Bc4 Bg7 8. O-O
O-O 9. Re1 b5 10. Bb3 Bb7 11. Qe2 e6 12. Bg5 Nbd7 13. Rad1 h6 14. Bh4 Nh5 15.
Ne5 Bxg2 16. Qg4 Bd5 17. Nxd5 exd5 18. Nxd7 f5 19. Qf3 Qxd7 20. Qxd5+ Qxd5 21.
Bxd5+ Kh8 22. Bxa8 Rxa8 23. Re7 g5 24. Bg3 f4 25. Bh2 Rc8 26. c3 Nf6 27. Rde1
Kg8 28. Kg2 Kf8 29. R7e6 c6 30. Rd6 Ne8 31. Rd7 a5 32. Re6 b4 33. Ra7 bxc3 34.
bxc3 c5 35. Rxa5 cxd4 36. cxd4 Bxd4 37. Rxh6 Rc2 38. Bg1 Rc1 39. Rxg5 Nf6 40.
a4 Ne4 41. Rd5 Bg7 42. Rf5+ Kg8 43. Ra6 f3+ 44. Rxf3 1-0

[Event "Pentes enneigees 45/30"]
[Site "Gatineau CAN"]
[Date "2019.01.22"]
[Round "1"]
[White "Lebel, Benoit"]
[Black "Fang, Zhou"]
[Result "0-1"]
[WhiteElo "1223"]
[BlackElo "1242"]
[PlyCount "58"]
[EventDate "2019.01.22"]
[EventType "swiss"]
[EventRounds "4"]
[EventCountry "CAN"]

1. e4 c5 2. Nf3 Nc6 3. c4 d6 4. b3 Nf6 5. Nc3 Bg4 6. Be2 Qa5 7. h3 Bxf3 8. Bxf3
Nd4 9. O-O g6 10. Bb2 Bg7 11. Nb5 Nxb5 12. cxb5 Qxb5 13. Be2 Qc6 14. e5 Nd7 15.
e6 Bxb2 16. exd7+ Qxd7 17. a4 a6 18. Ra2 Bd4 19. Bg4 f5 20. Bf3 e5 21. Bd5
O-O-O 22. Kh1 Kb8 23. d3 g5 24. g3 h5 25. Qd2 f4 26. gxf4 Qxh3+ 27. Kg1 gxf4
28. Bg2 Rhg8 29. Qe2 Qxg2# 0-1

[Event "Pentes enneigees 45/30"]
[Site "Gatineau CAN"]
[Date "2019.01.29"]
[Round "2"]
[White "Deng, Joyce"]
[Black "Sun, Roy"]
[Result "0-1"]
[WhiteElo "970"]
[BlackElo "1398"]
[PlyCount "68"]
[EventDate "2019.01.22"]
[EventType "swiss"]
[EventRounds "4"]
[EventCountry "CAN"]

1. e4 e6 2. Nf3 Nc6 3. Bb5 Bc5 4. d4 Bb4+ 5. c3 Be7 6. d5 exd5 7. exd5 a6 8.
Be2 Na7 9. Bf4 Nf6 10. c4 c6 11. Nc3 Bb4 12. O-O Bxc3 13. bxc3 Qa5 14. Qd2 O-O
15. Rfe1 cxd5 16. cxd5 Nxd5 17. Bc4 Nxf4 18. Qxf4 d5 19. Bb3 Be6 20. Nd4 Qxc3
21. Qh4 Rad8 22. Bc2 h6 23. Rab1 Nc6 24. Nxe6 fxe6 25. Rbc1 Qa3 26. h3 Qxa2 27.
Rxe6 Qb2 28. Ree1 Nd4 29. Bd3 Rde8 30. Red1 Ne2+ 31. Bxe2 Rxe2 32. Rf1 a5 33.
Qg3 a4 34. Rc7 a3 0-1

[Event "Pentes enneigees 45/30"]
[Site "Gatineau CAN"]
[Date "2019.01.29"]
[Round "2"]
[White "Sabourin, Yves"]
[Black "Fang, Johnny"]
[Result "1-0"]
[WhiteElo "1405"]
[BlackElo "934"]
[PlyCount "37"]
[EventDate "2019.01.22"]
[EventType "swiss"]
[EventRounds "4"]
[EventCountry "CAN"]

1. e4 c5 2. c3 Nc6 3. d4 cxd4 4. cxd4 e5 5. dxe5 Nxe5 6. f4 Nc6 7. Nf3 Qe7 8.
Nc3 Nf6 9. Bd3 d5 10. e5 d4 11. Ne2 Nd5 12. O-O Ne3 13. Bxe3 dxe3 14. Nfd4 Nxd4
15. Nxd4 Qb4 16. Bb5+ Ke7 17. a3 Qxb2 18. Nc6+ bxc6 19. Qd6+ 1-0